Seven Wonders of the Modern World - Statistics

General Stats
  • This quiz has been taken 45 times
  • The average score is 3 of 7
Answer Stats
Hint Answer % Correct
Canal Panama Canal
65%
Building Empire State Building
60%
Bridge Golden Gate Bridge
60%
Tunnel Channel Tunnel
43%
Tower CN Tower
18%
Flood Protection Netherlands North Sea Protection Works
10%
Dam Itaipu Dam
5%
No matching quizzes found
Score Distribution
Percent of People with Each Score
Percentile by Number Answered
Your Score History
You have not taken this quiz